00546nam a2200205 a 4500001001300000003000900013005001700022008004100039020000900080082001700089100001700106245005700123260003700180300000800217500003500225505002800260650002200288650001300310700001700323nice12345678IN_TiNIC20260116013714.0050524s1990 newa grp 000 0 eng  ac4500a305.694bNAR aNaran, Harsh aMyths of Composite Culture and Equality of Religions aNew DelhibVoice of India c1990 a76p aincludes index and biblioraphy2 aforword by mahmud ayoub aCommunalism-Hindu aHindutva1 aNaran, Harsh